| 000 | 00440nam a2200145 4500 | ||
|---|---|---|---|
| 001 | 4383 | ||
| 005 | 20181127173307.0 | ||
| 020 | 0 | 0 | _a |
| 090 | 0 | 0 | _a248.27 A642w 2014 |
| 245 | 0 | 0 |
_aWoodwork product catalogue- 2013 / _b _cAgency for promotion of indigenous crafts. _h |
| 260 | 0 | 0 |
_aThimphu : _bAgency for promotion of indigenous crafts, _c2014. |
| 300 | 0 | 0 | _a123 p. ; 22 cm. |
| 500 | 0 | 0 | _a |
| 650 | 0 | 0 |
_aBuddhist art and symbolism Bhutan Exhibitions. _x |
| 999 |
_c3624 _d3624 |
||